| 000 | 00827nas a2200289 4500 | ||
|---|---|---|---|
| 001 | BR9900111 | ||
| 003 | BR-BrBNA | ||
| 005 | 20231205101154.0 | ||
| 007 | ta | ||
| 008 | 230509b bl.|||p| |||| 00| 00por d | ||
| 040 |
_aBR-BrBNA _bpor _cBiblioteca Nacional de Agricultura |
||
| 041 | _a(Pt) | ||
| 072 | _aF60 | ||
| 100 | 1 | _aCamara, T.R. | |
| 100 | 1 | _aWilladino, L. | |
| 100 | 1 | _aTorne, J.M. | |
| 100 | 1 | _aRodriguez, P. | |
| 100 | 1 | _aSantos, M.A. | |
| 245 | 1 | _aEfeito da putrescina e do estresse salino em calos de milho | |
| 650 | _aMilho | ||
| 650 | _aCalo | ||
| 650 | _aSalinidade | ||
| 650 | _aBalanco Hidrico | ||
| 773 | 0 |
_tRevista Brasileira de Fisiologia Vegetal (Brazil) _xISSN 0103-3131 _g(Aug 1998), v. 10(2) p. 153-156 _wBR9900111 |
|
| 909 |
_a202311 _bLúcia _c55 _dLúcia Elande |
||
| 942 |
_2AGRIS _n0 _cANA |
||
| 999 |
_c160202 _d160202 |
||